Cinq scénes de la comédie humaine

Wedi'i Gadw mewn:
Manylion Llyfryddiaeth
Prif Awdur: Balzac, Honoré de
Fformat: Llyfr
Iaith:Undetermined
Cyhoeddwyd: New York, Estados Unidos D.C. Heath & Co. 1901
Pynciau:
Tagiau: Ychwanegu Tag
Dim Tagiau, Byddwch y cyntaf i dagio'r cofnod hwn!

MARC

LEADER 00000nam a2200000Ia 4500
008 170316s9999 xx 000 0 und d
040 |a cru BVZT 
090 |a 840 B-2c 
100 |a Balzac, Honoré de 
245 |a Cinq scénes de la comédie humaine 
260 |a New York, Estados Unidos 
260 |b D.C. Heath & Co. 
260 |c 1901 
300 |a 268 páginas 
650 |a LITERATURA FRANCESA 
999 |c 7517  |d 7517 
942 |c 15 D  |h 840 B-2c  |2 z